|
|
|
|
| LEADER |
00000nab a2200000 a 4500 |
| 001 |
vtls000897905 |
| 003 |
SK-MaSNL |
| 005 |
20260304181322.0 |
| 008 |
140423e19970000xo 0 slo |
| 035 |
|
|
|a KE6926
|
| 040 |
|
|
|a KEVKJB
|b slo
|c KEVKJB
|e AACR2
|
| 041 |
0 |
|
|a slo
|
| 044 |
|
|
|a xo
|c SK
|
| 080 |
|
|
|a 885.4-3
|2 1981
|
| 100 |
1 |
|
|a Urban, Jozef
|4 aut
|9 333447
|
| 245 |
1 |
0 |
|a Krčmové ticho
|b O šťastí a škrípaní v človeku
|
| 300 |
|
|
|b 2 foto
|
| 650 |
0 |
7 |
|a slovenská literatúra
|2 KEVKJB
|9 1115
|
| 650 |
0 |
7 |
|a poviedky
|2 KEVKJB
|9 268203
|
| 650 |
0 |
7 |
|a texty
|2 KEVKJB
|9 29593
|
| 651 |
|
7 |
|a Košice (Slovensko)
|2 KEVKJB
|9 18694
|
| 773 |
0 |
8 |
|t Literárny týždenník
|g Roč. 10, č.23 (1997), s. 3
|x 0862-5999
|
| 852 |
|
|
|a ZVYKNI
|b KIS3GCP
|
| 999 |
|
|
|c 3023169
|d 3025099
|